Представление документа в формате RUSMARC

ПолеНазваниеЗначение
  Тип записи c
  Библиографический уровень m
001 Контрольный номер RU/УОНБ/EK_N/389965520
005 Дата корректировки 20240321161912.4
010 Индекс ISBN __
9 Тираж 2900 экз.
013 Номер (ISMN) __
d Цена 82 к.
071 Издательские номер (звукозапись и ноты) 21
a Номер, присвоенный агентством 9760
100 Данные общей обработки __
a Данные общей обработки 20120510d1977 u y0rusy0189||||ca
101 Язык документа 0_
a Язык текста rus
102 Страна публикации __
a Страна публикации RU
105 Кодированные данные (монография) __
a Кодированные данные (монография) y###||||000|y
125 Кодированные данные звукозаписи и нотных изданий __
a Форма изложения нотного текста а|
128 Кодированные данные (звукозаписи-физические характеристики) __
a Кодированные данные: Музыкальная форма и тональность или лад zz
b Инструменты или голоса, необходимые для ансамблей (устаревшее) oz||
200 Заглавие и сведения об ответственности 1_
a Заглавие Вып. 1
f Первые сведения об ответственности сост. Ю. Саульский
210 Выходные данные 1_
d Дата издания 1977
215 Физическое описание __
a Объем 63 c.
327 Примечание о содержании 11
a Примечание о содержании Содерж. : Тухманов Д. Не знаю, что и думать / сл. В. Харитонова. - Гамалия В. Белая лебедушка / сл. И. Шаферана. - Мартынов Е. Соловьи поют, заливаются / сл. Д. Усманова. - Саульский Ю. По столице иду / сл. Л. Завальнюка. - Бинкин З. Если болен Севером / сл. Б. Гайковича. - Газарян В. Ночной звонок / сл. Г. Георгиева. - Желтовский Н. Цветы России / сл. А. Кирсанова.
461 Уровень набора _0
1 001RU/УОНБ/EK_N/389965072
1 200
a Вокально-инструментальные ансамбли
b [Ноты]
v Вып. 1
1 210
a М.
c Музыка
d 1977
464 Аналитический уровень _0
1 2001
a Не знаю, что и думать
e Ну вот и месяц на исходе...
1 700 1
a Тухманов
b Д.
1 702 1
a Харитонов
b В.
4 520
464 Аналитический уровень _0
1 2001
a Белая лебедушка
e Пусть на земле красивых много..
1 700 1
a Гамалия
b В.
1 702 1
a Шаферан
b И.
4 520
464 Аналитический уровень _0
1 2001
a Соловьи поют, заливаются
e Ты сегодня вдруг забыла...
1 700 1
a Мартынов
b Е.
1 702 1
a Усманов
b Д.
4 520
464 Аналитический уровень _0
1 2001
a По столице иду
e По столице иду...
1 700 1
a Саульский
b Ю.
1 702 1
a Завальнюк
b Л.
4 520
464 Аналитический уровень _0
1 2001
a Если болен Севером
e Все у нас, как полагается
1 700 1
a Бинкин
b З.
1 702 1
a Георгиев
b Г.
4 520
464 Аналитический уровень _0
1 2001
a Цветы России
e Цветут земли цветы простые...
e из репертуара ансамбля "Девчата"
1 700 1
a Желтовский
b Н.
1 702 1
a Кирсанов
b А.
4 520
464 Аналитический уровень _0
1 2001
a Ночной звонок
e Звонок среди полночной тишины...
e из репертуара вокал.- инструм. оркестра "Рапсодия"
1 700 1
a Газарян
b В.
1 702 1
a Георгиев
b Г.
4 520
606 Тематические рубрики 0_
a Основная рубрика Ансамбли вокально-инструментальные
610 Ключевые слова 0_
a Ключевые слова ансамбли вокально-инструментальные
686 Индексы других классификаций __
a Классификационный индекс 85.942.8я43
2 Код системы rubbk
702 Вторичная интеллектуальная ответственность _1
a Фамилия Саульский
b Имя (инициалы) Ю.
4 Код отношения 220
801 Источник записи _0
a Страна RU
b Организация Ульяновская ОНБ
c Дата составления 20120510
g Правила каталогизации RCR
801 Источник записи _1
a Страна RU
b Организация Ульяновская ОНБ
c Дата составления 20120510
g Правила каталогизации RCR
901 Тип документа __
t Тип документа n
w Контрольный № источника RU/УОНБ/EK_N/389965072
909 Создатель записи __
a Создатель записи Лобина Л. И.
938 Служебная информация __
a Имя БД noti
b Имя библиотеки УОНБ
c Имя АИБС МАРК-SQL
d Номер DOC_ID в БД 10088